[Event "Roquetas de Mar op 35th"]
[Site "Roquetas de Mar"]
[Date "2024.01.03"]
[Round "2"]
[White "Vesga Izeta, Markel"]
[Black "Raczek, Krzysztof"]
[Result "0-1"]
[WhiteElo "2093"]
[BlackElo "2347"]
[PlyCount "116"]
[EventDate "2024.01.02"]
[EventType "swiss"]
[EventRounds "9"]
[EventCountry "ESP"]
[SourceTitle "CB02_2024"]
[SourceDate "2024.01.10"]
[SourceVersion "1"]
[SourceVersionDate "2024.01.10"]
[SourceQuality "1"]

1. d4 d6 2. Nf3 Bg4 3. c4 Nd7 4. Nc3 Ngf6 5. g3 e5 6. Bg2 Be7 7. 0-0 0-0 8. h3 Bh5 9. Nh4 c6 10. Nf5 Re8 11. g4 Bg6 12. e4 Bf8 13. Be3 Qa5 14. Rc1 Rad8 15. Ng3 Nb6 16. g5 exd4 17. Qxd4 Nfd7 18. Rfd1 c5 19. Qd3 Ne5 20. Qe2 Nexc4 21. Bf4 d5 22. Bc7 Rc8 23. Nxd5 Qxa2 24. Bxb6 Nxb6 25. Nxb6 axb6 26. f4 Qe6 27. Qf2 c4 28. f5 Qe5 29. Qf3 Bd6 30. fxg6 fxg6 31. Nf1 Qxb2 32. e5 Bc5+ 33. Kh1 Kh8 34. Rxc4 Qxe5 35. h4 Rf8 36. Qe4 Qb2 37. Qc2 Qe5 38. Re4 Qb8 39. Qa4 Rcd8 40. Qa1 Qc8 41. Rxd8 Qxd8 42. Qe1 b5 43. Re5 b6 44. Nd2 Bb4 45. Rd5 Qc8 46. Qd1 Bc5 47. Ne4 b4 48. Rd3 Qb8 49. Qc1 Qe5 50. Qd1 Qf4 51. Qe1 Re8 52. Rh3 Qe5 53. Qd1 Qf5 54. Rf3 Qe5 55. Rh3 Qf5 56. Rf3 Qe5 57. Qb3 Qd4 58. Qf7 Qg1# 0-1

[Event "Newcastle Northumbria Masters IM"]
[Site "Newcastle on Tyne"]
[Date "2023.08.24"]
[Round "2"]
[White "Raczek, Krzysztof"]
[Black "Kanyamarala, Trisha"]
[Result "1-0"]
[WhiteElo "2305"]
[BlackElo "2344"]
[PlyCount "55"]
[EventDate "2023.08.24"]
[EventType "schev"]
[EventRounds "9"]
[EventCountry "ENG"]
[SourceTitle "EXT 2024"]
[Source "ChessBase"]
[SourceDate "2023.10.10"]
[SourceVersion "1"]
[SourceVersionDate "2023.10.10"]
[SourceQuality "1"]

1. e4 c5 2. Nf3 Nc6 3. d4 cxd4 4. Nxd4 Nf6 5. Nc3 d6 6. Bg5 e6 7. Qd3 Bd7 8. 0-0-0 a6 9. Be2 b5 10. a3 Rc8 11. Nxc6 Bxc6 12. Bf4 Qc7 13. Bxd6 Bxd6 14. Qxd6 Nxe4 15. Nxe4 Bxe4 16. c3 Qc6 17. Rhe1 Qxd6 18. Rxd6 Rc6 19. Red1 0-0 20. f3 Rxd6 21. Rxd6 Bb7 22. a4 bxa4 23. Bxa6 Bd5 24. c4 Ba8 25. c5 f6 26. c6 Kf7 27. c7 Ke7 28. Rd3 1-0

[Event "Opole AZS op 1st"]
[Site "Opole"]
[Date "2023.08.15"]
[Round "4"]
[White "Raczek, Krzysztof"]
[Black "Pakleza, Zbigniew"]
[Result "1-0"]
[WhiteElo "2225"]
[BlackElo "2455"]
[PlyCount "135"]
[EventDate "2023.08.15"]
[EventType "swiss (rapid)"]
[EventRounds "9"]
[EventCountry "POL"]
[SourceTitle "EXT 2024"]
[Source "ChessBase"]
[SourceDate "2023.10.10"]
[SourceVersion "1"]
[SourceVersionDate "2023.10.10"]
[SourceQuality "1"]

1. c4 c6 2. d4 Nf6 3. Nc3 d5 4. cxd5 cxd5 5. Bf4 Nc6 6. e3 Qb6 7. Rb1 Bf5 8. Bd3 Bxd3 9. Qxd3 e6 10. Nf3 Be7 11. 0-0 0-0 12. Rfc1 Rfc8 13. Ne5 Nxe5 14. Bxe5 Nd7 15. Bg3 a6 16. h3 Rc6 17. Rc2 Rac8 18. Rbc1 Qa5 19. a3 Nb6 20. e4 h6 21. exd5 exd5 22. Qf3 Bf6 23. Rd1 Re8 24. Re2 Rce6 25. Bc7 Rxe2 26. Nxe2 Rc8 27. Bxb6 Qxb6 28. b4 Re8 29. g3 Qe6 30. Nf4 Qe4 31. Kg2 Rd8 32. Ne2 Rc8 33. Nf4 Qxf3+ 34. Kxf3 Rc3+ 35. Kg2 Rxa3 36. Nxd5 Bd8 37. Rc1 Kf8 38. Rc8 Ke8 39. Rb8 b5 40. Ra8 Kd7 41. Ra7+ Kd6 42. Ne3 Bf6 43. Rxf7 Ke6 44. Rf8 Ra4 45. d5+ Kd7 46. Ra8 Bc3 47. Nf5 Bxb4 48. Ra7+ Kc8 49. d6 Kb8 50. d7 Ba5 51. Rxa6 Bc7 52. Rd6 Bd8 53. Rc6 Kb7 54. Rc8 Bf6 55. d8Q Bxd8 56. Rxd8 b4 57. Nd4 Kb6 58. Rd5 Ka6 59. g4 g5 60. Rd6+ Kb7 61. Rxh6 Ra2 62. Rg6 Rd2 63. Nb3 Rb2 64. Na5+ Kc7 65. Rc6+ Kd7 66. Rb6 Ra2 67. Nc6 b3 68. Ne5+ 1-0

[Event "Titled Tuesday intern op 30th May Early"]
[Site "Chess.com INT"]
[Date "2023.05.30"]
[Round "11"]
[White "Raczek, Krzysztof"]
[Black "Bryakin, Mikhail"]
[Result "1-0"]
[WhiteElo "2158"]
[BlackElo "2455"]
[PlyCount "69"]
[EventDate "2023.05.30"]
[EventType "swiss (blitz)"]
[EventRounds "11"]
[EventCountry "USA"]
[SourceTitle "CBM 214 Extra"]
[Source "ChessBase"]
[SourceDate "2023.07.31"]
[SourceVersion "1"]
[SourceVersionDate "2023.07.31"]
[SourceQuality "1"]

1. e4 d5 2. exd5 Qxd5 3. Nc3 Qe5+ 4. Be2 Bg4 5. d4 Bxe2 6. Ngxe2 Qa5 7. 0-0 Nf6 8. Be3 Nc6 9. Ng3 0-0-0 10. a3 Nd5 11. Qg4+ e6 12. b4 Qb6 13. Nxd5 Rxd5 14. c4 Rxd4 15. Qe2 a6 16. Rfd1 Be7 17. Bxd4 Nxd4 18. Qg4 c5 19. Qxg7 Rd8 20. bxc5 Bxc5 21. Qxf7 Qc6 22. Qxh7 Rf8 23. Qe4 Qd6 24. Rab1 Rf7 25. Kh1 e5 26. Ne2 Re7 27. Nc3 Bxa3 28. Nd5 Bc5 29. Nxe7+ Qxe7 30. Rd3 Nc6 31. Rh3 Qf6 32. Rh7 Be7 33. Qg4+ Kb8 34. Qd7 Qg6 35. Qxb7# 1-0

[Event "Titled Tuesday intern op 16th May Early"]
[Site "Chess.com INT"]
[Date "2023.05.16"]
[Round "1"]
[White "Le, Tuan Minh"]
[Black "Raczek, Krzysztof"]
[Result "1-0"]
[WhiteElo "2542"]
[BlackElo "2158"]
[PlyCount "45"]
[EventDate "2023.05.16"]
[EventType "swiss (blitz)"]
[EventRounds "11"]
[EventCountry "USA"]
[SourceTitle "CBM 214 Extra"]
[Source "ChessBase"]
[SourceDate "2023.07.31"]
[SourceVersion "1"]
[SourceVersionDate "2023.07.31"]
[SourceQuality "1"]

1. d4 d5 2. Nf3 Nf6 3. Bf4 c5 4. c3 Qb6 5. Qc2 Nc6 6. e3 Bf5 7. dxc5 Bxc2 8. cxb6 axb6 9. Na3 Bg6 10. Nb5 Kd7 11. Be2 e6 12. 0-0 Nh5 13. Bc7 Ra6 14. c4 dxc4 15. Bxc4 Be7 16. Rfd1+ Kc8 17. Rac1 Bc5 18. a3 Na7 19. Be5 Nc6 20. Nd6+ Bxd6 21. Bxa6 Bxe5 22. Nxe5 Kc7 23. Rd7+ 1-0

[Event "Titled Tuesday intern op 16th May Early"]
[Site "Chess.com INT"]
[Date "2023.05.16"]
[Round "2"]
[White "Raczek, Krzysztof"]
[Black "Rodriguez Santiago, Jaime"]
[Result "1-0"]
[WhiteElo "2158"]
[BlackElo "2026"]
[PlyCount "60"]
[EventDate "2023.05.16"]
[EventType "swiss (blitz)"]
[EventRounds "11"]
[EventCountry "USA"]
[SourceTitle "CBM 214 Extra"]
[Source "ChessBase"]
[SourceDate "2023.07.31"]
[SourceVersion "1"]
[SourceVersionDate "2023.07.31"]
[SourceQuality "1"]

1. c4 e5 2. Nc3 Nf6 3. g3 c6 4. Nf3 e4 5. Nd4 d5 6. cxd5 cxd5 7. d3 Be7 8. Bg2 exd3 9. Qxd3 0-0 10. 0-0 Nc6 11. Rd1 Bc5 12. Be3 Nb4 13. Qd2 Be6 14. Nxe6 Bxe3 15. Qxe3 fxe6 16. Qxe6+ Kh8 17. a3 Re8 18. Qf5 g6 19. Qg5 Nc6 20. Nxd5 Nxd5 21. Qxd5 Qxd5 22. Bxd5 Rxe2 23. b4 Rf8 24. f4 Nd8 25. Re1 Rd2 26. Rad1 Rb2 27. Re7 b6 28. Rxa7 g5 29. fxg5 Rff2 30. Ra8 Rf8 1-0

[Event "POL-ch U16"]
[Site "Jastrzebia Gora"]
[Date "2023.??.??"]
[Round "1"]
[White "Raczek, Krzysztof"]
[Black "Grot, Blazej"]
[Result "1/2-1/2"]
[WhiteElo "2186"]
[BlackElo "1862"]
[PlyCount "62"]
[EventDate "2023.03.11"]
[EventType "swiss"]
[EventRounds "9"]
[EventCountry "POL"]
[SourceTitle "CBM 213 Extra"]
[Source "ChessBase"]
[SourceDate "2023.05.31"]
[SourceVersion "1"]
[SourceVersionDate "2023.05.31"]
[SourceQuality "1"]

1. c4 Nf6 2. Nc3 g6 3. g3 Bg7 4. Bg2 c6 5. Nf3 d5 6. cxd5 cxd5 7. 0-0 0-0 8. d4 Nc6 9. b3 Ne4 10. Bb2 Bf5 11. e3 Nxc3 12. Bxc3 Qd7 13. Re1 Rac8 14. Qd2 Be4 15. Rec1 Rc7 16. Bb2 Rfc8 17. Rc3 Bf6 18. Rac1 Qf5 19. Qe2 Qd7 20. Qd2 Qf5 21. Qd1 Qd7 22. a3 Na5 23. Nd2 Bxg2 24. Kxg2 Qd6 25. Qe2 Rxc3 26. Rxc3 Rxc3 27. Bxc3 Nc6 28. Qd3 Kg7 29. b4 e6 30. Nb3 b6 31. b5 Ne7 1/2-1/2